[Event "POL-chT1 U20"]
[Site "Suchedniow"]
[Date "2012.07.??"]
[Round "9"]
[White "Debowska, Michalina"]
[Black "Dmochowska, Agnieszka"]
[Result "1/2-1/2"]
[WhiteElo "1491"]
[BlackElo "1683"]
[PlyCount "131"]
[EventDate "2012.07.??"]
[EventType "swiss"]
[EventRounds "9"]
[EventCountry "POL"]
[SourceTitle "OM OTB B 201907"]
[Source "Opening Master"]
[SourceDate "2019.07.06"]
[SourceVersion "2"]
[SourceVersionDate "2019.07.06"]
[SourceQuality "1"]

1. e4 c5 2. Nf3 Nc6 3. d4 cxd4 4. Nxd4 Nf6 5. Nc3 d6 6. Be2 e5 7. Nb3 Be7 8.
O-O O-O 9. Bg5 a5 10. a4 Nb4 11. Bxf6 Bxf6 12. Nd5 Nxd5 13. exd5 g6 14. Nd2 Bg7
15. Nc4 f5 16. f3 Bd7 17. Kh1 Qc7 18. Qd2 b5 19. axb5 Bxb5 20. Na3 Bxe2 21.
Qxe2 e4 22. Rab1 Qc5 23. Qc4 e3 24. Rfe1 f4 25. Qxc5 dxc5 26. d6 Rfd8 27. Nc4
Ra6 28. Rbd1 Bf8 29. d7 Ra7 30. Ne5 Rc7 31. g3 Bh6 32. Ng4 Bg7 33. b3 h5 34.
Nf2 Bc3 35. Re2 Rcxd7 36. Rxd7 Rxd7 37. Ne4 Be5 38. gxf4 Rd1+ 39. Kg2 Bxf4 40.
h3 Kf7 41. Nc3 Rd4 42. Kf1 Ke6 43. Rg2 Kf5 44. Ke1 g5 45. Ne4 a4 46. c3 Rd5 47.
bxa4 c4 48. Rb2 g4 49. hxg4+ hxg4 50. Ke2 g3 51. Kf1 Ra5 52. Rb5+ Rxb5 53. axb5
Bc7 54. b6 Bxb6 55. Nxg3+ Kf4 56. Kg2 Ba7 57. Ne2+ Kf5 58. Ng3+ Ke5 59. Ne2 Bb6
60. Kg3 Kf5 61. Kh3 Bc5 62. Kg3 Bd6+ 63. Kh3 Kg5 64. Kg2 Be5 65. Kh3 Bb8 66.
Kg2 1/2-1/2

[Event "POL-chT U20"]
[Site "Suchedniow"]
[Date "2012.07.??"]
[Round "9"]
[White "Gabryjalowicz, Jakub"]
[Black "Lewtak, Damian"]
[Result "0-1"]
[WhiteElo "1775"]
[BlackElo "2252"]
[PlyCount "98"]
[EventDate "2012.07.??"]
[EventType "swiss"]
[EventRounds "9"]
[EventCountry "POL"]
[SourceTitle "OM OTB B 201907"]
[Source "Opening Master"]
[SourceDate "2019.07.06"]
[SourceVersion "2"]
[SourceVersionDate "2019.07.06"]
[SourceQuality "1"]

1. e4 c5 2. Nf3 Nc6 3. d4 cxd4 4. Nxd4 Nf6 5. Nc3 d6 6. Be2 e5 7. Nb3 Be6 8.
O-O Be7 9. f4 exf4 10. Bxf4 O-O 11. Kh1 d5 12. exd5 Nxd5 13. Nxd5 Qxd5 14. Qxd5
Bxd5 15. c3 Rfd8 16. Bf3 Bxf3 17. Rxf3 f5 18. Be3 g6 19. Bd4 Nxd4 20. Nxd4 Bf6
21. Rd1 Rd7 22. Rfd3 Rad8 23. Kg1 Kf7 24. Kf2 Bxd4+ 25. Rxd4 Rxd4 26. cxd4 Rc8
27. Rd2 Ke6 28. Ke3 Kd5 29. Kd3 Rc4 30. Ke3 Rc1 31. g3 Re1+ 32. Kf4 h6 33. Kf3
Re7 34. Rd3 a6 35. Re3 Rc7 36. Rc3 Re7 37. Re3 Rxe3+ 38. Kxe3 g5 39. Kd3 b6 40.
a3 b5 41. b4 f4 42. gxf4 gxf4 43. h3 f3 44. Ke3 f2 45. Kxf2 Kxd4 46. Kg3 Kc4
47. Kg4 Kb3 48. Kh5 Kxa3 49. Kxh6 Kxb4 0-1

[Event "POL-chT U20"]
[Site "Suchedniow"]
[Date "2012.07.??"]
[Round "6"]
[White "Drop, Szymon"]
[Black "Piotrowski, Przemyslaw"]
[Result "0-1"]
[WhiteElo "1766"]
[BlackElo "1933"]
[PlyCount "58"]
[EventDate "2012.07.??"]
[EventType "swiss"]
[EventRounds "9"]
[EventCountry "POL"]
[SourceTitle "OM OTB B 201907"]
[Source "Opening Master"]
[SourceDate "2019.07.06"]
[SourceVersion "2"]
[SourceVersionDate "2019.07.06"]
[SourceQuality "1"]

1. e4 c5 2. Nf3 d6 3. d4 cxd4 4. Nxd4 Nf6 5. Nc3 Nc6 6. Be2 e5 7. Nb3 Be7 8.
O-O O-O 9. Kh1 a5 10. a4 Be6 11. f4 Nb4 12. f5 Bd7 13. Bg5 Bc6 14. Bxf6 Bxf6
15. Bc4 Rc8 16. Qe2 Qc7 17. Rfd1 Rfd8 18. Bd5 Bxd5 19. exd5 e4 20. Nd4 Qc4 21.
Qxc4 Rxc4 22. Nb3 Bxc3 23. Nxa5 Rc7 24. bxc3 Nxc2 25. Rac1 Rxc3 26. Kg1 e3 27.
Re1 Re8 28. Re2 Nd4 29. Ree1 Rxc1 0-1

[Event "POL-chT1 U20"]
[Site "Suchedniow"]
[Date "2012.07.??"]
[Round "1"]
[White "Mlynarczyk, Jan"]
[Black "Mirski, Michal"]
[Result "0-1"]
[WhiteElo "1492"]
[BlackElo "1842"]
[PlyCount "66"]
[EventDate "2012.07.??"]
[EventType "swiss"]
[EventRounds "9"]
[EventCountry "POL"]
[SourceTitle "OM OTB B 201907"]
[Source "Opening Master"]
[SourceDate "2019.07.06"]
[SourceVersion "2"]
[SourceVersionDate "2019.07.06"]
[SourceQuality "1"]

1. e4 c5 2. Nf3 d6 3. d4 cxd4 4. Nxd4 Nf6 5. Nc3 Nc6 6. Be2 e5 7. Nb3 Be7 8.
Be3 O-O 9. O-O a5 10. a4 Be6 11. Nd2 d5 12. exd5 Nxd5 13. Nxd5 Bxd5 14. Nc4 Be4
15. Nd2 Bg6 16. Bh5 Bxh5 17. Qxh5 Nb4 18. c3 Nc2 19. Rad1 Nxe3 20. fxe3 Qc7 21.
Nf3 f6 22. Qf5 Rad8 23. Nd2 Qc6 24. Qc2 Bc5 25. Rf3 e4 26. Rh3 Rd3 27. Qb3+ Kh8
28. Nf1 Rfd8 29. Rxd3 exd3 30. Qd1 Qe4 31. Kh1 d2 32. Ng3 Qxe3 33. Ne2 Qxe2 0-1

[Event "Leiden SB-ch"]
[Site "Leiden"]
[Date "2012.06.26"]
[Round "7"]
[White "De Mooij, Marco"]
[Black "Van den Berg, Ad"]
[Result "0-1"]
[WhiteElo "1898"]
[BlackElo "2206"]
[PlyCount "46"]
[EventDate "2012.05.15"]
[EventType "swiss"]
[EventRounds "7"]
[EventCountry "NED"]
[SourceTitle "OM OTB B 201907"]
[Source "Opening Master"]
[SourceDate "2019.07.06"]
[SourceVersion "2"]
[SourceVersionDate "2019.07.06"]
[SourceQuality "1"]

1. e4 d6 2. d4 c5 3. Nf3 cxd4 4. Nxd4 Nf6 5. Nc3 Nc6 6. Be2 e5 7. Nb3 Be7 8.
Be3 O-O 9. Qd2 a5 10. Rd1 a4 11. Nc1 a3 12. bxa3 Rxa3 13. f3 Qa5 14. Nb3 Qb4
15. O-O Be6 16. Qe1 Rd8 17. Bb5 d5 18. Bc1 Rxb3 19. axb3 Nd4 20. exd5 Nxc2 21.
Qxe5 Qc5+ 22. Kh1 Bd6 23. dxe6 Qxe5 0-1

[Event "V4 OPEN Tournament Liptov"]
[Site "?"]
[Date "2012.06.26"]
[Round "?"]
[White "Bracok, Stefan"]
[Black "Klementowski, Dawid"]
[Result "0-1"]
[WhiteElo "1673"]
[BlackElo "1704"]
[PlyCount "72"]
[EventDate "2012.??.??"]
[SourceTitle "OM OTB B 201907"]
[Source "Opening Master"]
[SourceDate "2019.07.06"]
[SourceVersion "2"]
[SourceVersionDate "2019.07.06"]
[SourceQuality "1"]

1. e4 c5 2. Nf3 d6 3. d4 Nf6 4. Nc3 cxd4 5. Nxd4 Nc6 6. Be2 e5 7. Nb3 Be7 8.
Be3 O-O 9. Qd2 a5 10. a4 Nb4 11. f3 d5 12. exd5 Bf5 13. Bd3 Bxd3 14. cxd3 Nfxd5
15. Nxd5 Qxd5 16. Nc1 Rac8 17. O-O Rc2 18. Qd1 Rxb2 19. Rf2 Rxf2 20. Bxf2 Rd8
21. Ra3 Bg5 22. Ne2 Nxd3 23. Bb6 Rd6 24. Nc3 Qc6 25. Ne4 Qxb6+ 26. Kf1 f5 27.
Rxd3 Rxd3 28. Qxd3 fxe4 29. fxe4 Qa6 30. Qxa6 bxa6 31. Ke2 Kf7 32. g3 h5 33.
Kf3 Ke6 34. Ke2 Kd6 35. Kd3 Kc5 36. Kc3 Be7 0-1

[Event "V4 OPEN Tournament Liptov"]
[Site "?"]
[Date "2012.06.24"]
[Round "?"]
[White "Bukojemski, Adam"]
[Black "Klementowski, Dawid"]
[Result "1-0"]
[WhiteElo "2203"]
[BlackElo "1704"]
[PlyCount "119"]
[EventDate "2012.??.??"]
[SourceTitle "OM OTB B 201907"]
[Source "Opening Master"]
[SourceDate "2019.07.06"]
[SourceVersion "2"]
[SourceVersionDate "2019.07.06"]
[SourceQuality "1"]

1. e4 c5 2. Nf3 d6 3. d4 Nf6 4. Nc3 cxd4 5. Nxd4 Nc6 6. Be2 e5 7. Nb3 Be7 8.
O-O O-O 9. Be3 a5 10. Bf3 a4 11. Nc1 a3 12. Rb1 Be6 13. b4 Bc4 14. Nd3 d5 15.
exd5 Nxd5 16. Bxd5 Bxd5 17. Nxe5 Be6 18. Nd3 Bc4 19. b5 Nd4 20. Qg4 Bf6 21. Ne4
Be5 22. Nxe5 Bxf1 23. Bxd4 f5 24. Qd1 Be2 25. Qxe2 Qxd4 26. Nd2 Rae8 27. Qc4+
Qxc4 28. Ndxc4 f4 29. Nf3 Rc8 30. Nxa3 Rc3 31. Rb3 Rxb3 32. axb3 Ra8 33. Nb1
Ra2 34. c4 Kf7 35. Kf1 Ke6 36. Nbd2 Kf5 37. h4 h6 38. h5 Kg4 39. c5 Ra5 40. Nd4
Kxh5 41. Nc4 Ra1+ 42. Ke2 Ra2+ 43. Nd2 Ra5 44. b4 Ra4 45. c6 bxc6 46. bxc6 Ra8
47. b5 g5 48. c7 g4 49. b6 Kg5 50. Ne4+ Kg6 51. b7 Ra2+ 52. Nd2 f3+ 53. gxf3
gxf3+ 54. N4xf3 Rxd2+ 55. Nxd2 h5 56. c8=Q h4 57. b8=Q h3 58. Ne4 h2 59. Qe6+
Kg7 60. Qbg8# 1-0

[Event "Le Port Marly Paribas blitz op"]
[Site "Le Port Marly"]
[Date "2012.06.16"]
[Round "12.2"]
[White "Guliyev, Namig"]
[Black "Capone, Nicola"]
[Result "1-0"]
[WhiteElo "2690"]
[BlackElo "2380"]
[PlyCount "83"]
[EventDate "2012.06.18"]
[EventType "swiss (blitz)"]
[EventRounds "13"]
[EventCountry "FRA"]
[SourceTitle "OM OTB B 201907"]
[Source "Opening Master"]
[SourceDate "2019.07.06"]
[SourceVersion "2"]
[SourceVersionDate "2019.07.06"]
[SourceQuality "1"]

1. e4 c5 2. Nf3 d6 3. d4 cxd4 4. Nxd4 Nf6 5. Nc3 Nc6 6. Be2 e5 7. Nf3 h6 8. O-O
Be7 9. Re1 O-O 10. Bf1 Bg4 11. h3 Be6 12. Nd5 Bxd5 13. exd5 Nb8 14. c4 a5 15.
b3 Na6 16. Bb2 Nd7 17. Qe2 Re8 18. Nh2 f5 19. Qh5 Rf8 20. Rad1 Nac5 21. Qe2 Bf6
22. Nf3 Qe8 23. Qc2 e4 24. Nd4 Qf7 25. a3 Be5 26. b4 Na6 27. Ne6 Rfc8 28. Qb3
Nc7 29. c5 Bxb2 30. cxd6 Ne8 31. Qxb2 Nxd6 32. Rc1 Nf8 33. Qe5 Nxe6 34. dxe6
Qe7 35. Rxc8+ Rxc8 36. Rd1 Rd8 37. b5 Kf8 38. b6 Qf6 39. Qd5 Ke7 40. Bc4 Qc3
41. Bb3 Nf7 42. Qxb7+ 1-0

[Event "Le Port Marly Paribas blitz op"]
[Site "Le Port Marly"]
[Date "2012.06.16"]
[Round "4.4"]
[White "Baron, Thierry"]
[Black "Capone, Nicola"]
[Result "1-0"]
[WhiteElo "2170"]
[BlackElo "2380"]
[PlyCount "69"]
[EventDate "2012.06.18"]
[EventType "swiss (blitz)"]
[EventRounds "13"]
[EventCountry "FRA"]
[SourceTitle "OM OTB B 201907"]
[Source "Opening Master"]
[SourceDate "2019.07.06"]
[SourceVersion "2"]
[SourceVersionDate "2019.07.06"]
[SourceQuality "1"]

1. e4 c5 2. Nf3 d6 3. d4 cxd4 4. Nxd4 Nf6 5. Nc3 Nc6 6. Be2 e5 7. Nb3 Be7 8.
Be3 O-O 9. O-O a5 10. a4 Be6 11. Qd2 Rc8 12. f3 Nb4 13. Rac1 d5 14. exd5 Nfxd5
15. Nxd5 Bxd5 16. Rfd1 Nxc2 17. Qxd5 Nxe3 18. Qxd8 Rfxd8 19. Rxd8+ Rxd8 20. Rc7
Nd5 21. Rxb7 Bb4 22. Rb5 Kf8 23. Nxa5 Bxa5 24. Rxa5 f6 25. Ra7 Nb4 26. Bc4 Nd5
27. Bxd5 Rxd5 28. b4 f5 29. Kf2 e4 30. fxe4 Rd4 31. Rb7 fxe4 32. a5 Rd3 33. a6
Ra3 34. a7 e3+ 35. Ke2 1-0

[Event "Le Port Marly Paribas blitz op"]
[Site "Le Port Marly"]
[Date "2012.06.16"]
[Round "2.2"]
[White "Guliyev, Namig"]
[Black "Mohammad, Fahim"]
[Result "1-0"]
[WhiteElo "2690"]
[BlackElo "2110"]
[PlyCount "69"]
[EventDate "2012.06.18"]
[EventType "swiss (blitz)"]
[EventRounds "13"]
[EventCountry "FRA"]
[SourceTitle "OM OTB B 201907"]
[Source "Opening Master"]
[SourceDate "2019.07.06"]
[SourceVersion "2"]
[SourceVersionDate "2019.07.06"]
[SourceQuality "1"]

1. e4 c5 2. Nf3 d6 3. d4 cxd4 4. Nxd4 Nf6 5. Nc3 Nc6 6. Be2 e5 7. Nf3 Be7 8.
O-O Be6 9. Re1 h6 10. Bf1 O-O 11. Nd5 Bxd5 12. exd5 Nb8 13. c4 Nbd7 14. Rb1 a5
15. b3 Nc5 16. a3 Nfe4 17. b4 axb4 18. axb4 Nc3 19. Qc2 N5e4 20. Rb3 Ra2 21.
Bb2 f5 22. Rxc3 Nxc3 23. Qxc3 Bf6 24. Qb3 Ra7 25. c5 dxc5 26. d6+ Kh8 27. bxc5
e4 28. Nd4 Qa5 29. Rc1 Bg5 30. Ne6 Bxc1 31. Bxg7+ Kh7 32. Bxf8 Qe1 33. Qg3 Bg5
34. Qe5 Qa1 35. Qxf5+ 1-0

[Event "Canarias-chT"]
[Site "Fuerteventura"]
[Date "2012.06.09"]
[Round "6.2"]
[White "Bolanos Hernandez, Sergio Raul"]
[Black "Lopez Pereyra, Antonio"]
[Result "0-1"]
[WhiteElo "2016"]
[BlackElo "2121"]
[PlyCount "74"]
[EventDate "2012.06.07"]
[EventType "team-tourn"]
[EventRounds "7"]
[EventCountry "ESP"]
[SourceTitle "OM OTB B 201907"]
[Source "Opening Master"]
[SourceDate "2019.07.06"]
[SourceVersion "2"]
[SourceVersionDate "2019.07.06"]
[SourceQuality "1"]

1. e4 c5 2. Nf3 Nc6 3. d4 cxd4 4. Nxd4 Nf6 5. Nc3 d6 6. Be2 e5 7. Nb3 Be7 8. g4
Be6 9. g5 Nd7 10. h4 a5 11. a4 Nb4 12. Nd5 Bxd5 13. exd5 O-O 14. c3 Na6 15. Be3
f5 16. gxf6 Bxf6 17. Bd3 e4 18. Bxe4 Re8 19. Bf5 Nf8 20. Qd3 Qb6 21. Nd4 Bxd4
22. Qxd4 Qxd4 23. cxd4 Nb4 24. Kd2 Nxd5 25. Rac1 g6 26. Bg4 Ne6 27. Bf3 Nec7
28. Rc4 Rf8 29. Bg4 h5 30. Bh3 Rae8 31. Rhc1 Re7 32. Rg1 Nxe3 33. fxe3 Rf2+ 34.
Kc1 Kg7 35. e4 d5 36. exd5 Nxd5 37. Rc5 Nf4 0-1

[Event "Pula op 26th"]
[Site "Pula"]
[Date "2012.06.09"]
[Round "1"]
[White "Martic, Slavko"]
[Black "Martinovic, Sasa"]
[Result "0-1"]
[WhiteElo "2014"]
[BlackElo "2504"]
[PlyCount "62"]
[EventDate "2012.06.09"]
[EventType "swiss"]
[EventRounds "9"]
[EventCountry "CRO"]
[SourceTitle "OM OTB B 201907"]
[Source "Opening Master"]
[SourceDate "2019.07.06"]
[SourceVersion "2"]
[SourceVersionDate "2019.07.06"]
[SourceQuality "1"]

1. e4 c5 2. Nf3 Nc6 3. d4 cxd4 4. Nxd4 Nf6 5. Nc3 d6 6. Be2 e5 7. Nb3 Be7 8.
Be3 O-O 9. O-O Be6 10. Kh1 a5 11. Nd2 Nd4 12. Bxd4 exd4 13. Nb5 Qb6 14. a4 Rac8
15. f4 Qc5 16. f5 Bd7 17. Bd3 Bxb5 18. axb5 Qc7 19. Nb3 d5 20. exd5 Nxd5 21.
Qf3 Rfd8 22. Nxa5 Ne3 23. Rf2 Ra8 24. Nb3 Rxa1+ 25. Nxa1 Qa5 26. Rf1 Nxf1 27.
Qxf1 Qd2 28. Nb3 Qe3 29. Qg1 Bh4 30. Qxe3 dxe3 31. Kg1 Rxd3 0-1

[Event "COL-ch"]
[Site "El Bagre"]
[Date "2012.06.08"]
[Round "9"]
[White "Mateus Urbano, Luis Alejandro"]
[Black "Barrientos Chavarriaga, Sergio E"]
[Result "0-1"]
[WhiteElo "2246"]
[BlackElo "2513"]
[PlyCount "78"]
[EventDate "2012.06.02"]
[EventType "tourn"]
[EventRounds "11"]
[EventCountry "COL"]
[SourceTitle "OM OTB B 201907"]
[Source "Opening Master"]
[SourceDate "2019.07.06"]
[SourceVersion "2"]
[SourceVersionDate "2019.07.06"]
[SourceQuality "1"]

1. e4 c5 2. Nf3 d6 3. d4 cxd4 4. Nxd4 Nf6 5. Nc3 Nc6 6. Be2 e5 7. Nf3 h6 8. O-O
Be7 9. Re1 O-O 10. h3 Be6 11. Bf1 a6 12. Nd5 Bxd5 13. exd5 Nb8 14. c4 Nfd7 15.
Be3 a5 16. b3 Na6 17. a3 f5 18. b4 Bf6 19. Rb1 Kh8 20. Qc2 Be7 21. c5 f4 22.
Bd2 axb4 23. c6 bxc6 24. dxc6 b3 25. Rxb3 Ndc5 26. Rb5 Bf6 27. Bb4 Qc7 28. Qg6
Qf7 29. Qc2 Rac8 30. Bxc5 Nxc5 31. Rxc5 dxc5 32. Nxe5 Bxe5 33. Rxe5 Rxc6 34.
Rxc5 Rxc5 35. Qxc5 Qf5 36. Qc1 Qe4 37. Qc5 Rd8 38. Bc4 f3 39. g3 Kh7 0-1

[Event "Warsaw-ch opA 65th"]
[Site "Warsaw"]
[Date "2012.06.03"]
[Round "9"]
[White "Pastuszko, Kinga"]
[Black "Sujkowski, Pawel"]
[Result "1/2-1/2"]
[WhiteElo "1935"]
[BlackElo "1988"]
[PlyCount "30"]
[EventDate "2012.05.26"]
[EventType "swiss"]
[EventRounds "9"]
[EventCountry "POL"]
[SourceTitle "OM OTB B 201907"]
[Source "Opening Master"]
[SourceDate "2019.07.06"]
[SourceVersion "2"]
[SourceVersionDate "2019.07.06"]
[SourceQuality "1"]

1. e4 c5 2. Nf3 Nc6 3. d4 cxd4 4. Nxd4 Nf6 5. Nc3 d6 6. Be2 e5 7. Nf3 h6 8. O-O
Be7 9. Re1 O-O 10. Bc4 Be6 11. Bd5 Rc8 12. a3 a6 13. Qd3 Qd7 14. Be3 b5 15.
Rad1 Rfd8 1/2-1/2

[Event "Eschborn op 09th"]
[Site "Eschborn"]
[Date "2012.06.03"]
[Round "5"]
[White "Buss, Alexander"]
[Black "Rutsatz, Mario"]
[Result "0-1"]
[WhiteElo "1679"]
[BlackElo "2047"]
[PlyCount "112"]
[EventDate "2012.06.01"]
[EventType "swiss"]
[EventRounds "5"]
[EventCountry "GER"]
[SourceTitle "OM OTB B 201907"]
[Source "Opening Master"]
[SourceDate "2019.07.06"]
[SourceVersion "2"]
[SourceVersionDate "2019.07.06"]
[SourceQuality "1"]

1. e4 c5 2. Nf3 d6 3. Nc3 Nf6 4. Be2 Nc6 5. d4 cxd4 6. Nxd4 e5 7. Nb3 h6 8. Be3
Be6 9. f3 Be7 10. Nd5 O-O 11. Nxe7+ Qxe7 12. O-O a5 13. c3 a4 14. Nd2 d5 15.
Qe1 d4 16. Bf2 a3 17. cxd4 axb2 18. Rb1 Nxd4 19. Bxd4 exd4 20. Rxb2 d3 21. Bxd3
Qa3 22. Qb1 Rfd8 23. Nb3 Rxd3 24. Qxd3 Qxb2 25. Rf2 Qa3 26. e5 Bxb3 27. exf6
Qc1+ 28. Rf1 Qc5+ 29. Kh1 Qc4 30. Qxc4 Bxc4 31. Rc1 Rxa2 32. fxg7 b5 33. h3
Kxg7 34. Kh2 Kf6 35. Kg3 Ke5 36. f4+ Kd4 37. Rd1+ Kc3 38. Rd6 b4 39. Rxh6 Ra6
40. Rh8 Rb6 41. Rd8 b3 42. Rd1 b2 43. Rb1 Bd3 44. Rxb2 Rxb2 45. Kf3 Kd4 46. g4
Be4+ 47. Kg3 Rg2+ 48. Kh4 f5 49. g5 Ke3 50. Kh5 Kxf4 51. h4 Ke5 52. Kh6 f4 53.
h5 f3 54. g6 Rxg6+ 55. hxg6 Bxg6 56. Kxg6 f2 0-1

[Event "GER-ch U14 Girls"]
[Site "Oberhof"]
[Date "2012.05.30"]
[Round "6"]
[White "Weber, Sandra"]
[Black "Bluhm, Sonja Maria"]
[Result "0-1"]
[WhiteElo "1682"]
[BlackElo "2001"]
[PlyCount "176"]
[EventDate "2012.05.27"]
[EventType "swiss"]
[EventRounds "9"]
[EventCountry "GER"]
[SourceTitle "OM OTB B 201907"]
[Source "Opening Master"]
[SourceDate "2019.07.06"]
[SourceVersion "2"]
[SourceVersionDate "2019.07.06"]
[SourceQuality "1"]

1. e4 c5 2. Nf3 Nc6 3. d4 cxd4 4. Nxd4 Nf6 5. Nc3 d6 6. Be2 e5 7. Nb3 Be7 8.
O-O O-O 9. Kh1 a5 10. a4 Nb4 11. f4 Bd7 12. Be3 Qc7 13. Rc1 Bc6 14. Bd3 b6 15.
Qf3 Qb7 16. Nd2 exf4 17. Bxf4 d5 18. Be5 dxe4 19. Ndxe4 Nxe4 20. Bxe4 f6 21.
Bf4 Bc5 22. Bxc6 Qxc6 23. Qxc6 Nxc6 24. Ne4 Bd4 25. c3 Be5 26. Be3 Bc7 27. Bf4
Bxf4 28. Rxf4 Rad8 29. Kg1 Ne5 30. Rc2 h6 31. Ng3 Rd1+ 32. Rf1 Rd5 33. Ne2 Nc4
34. Rf3 Rd1+ 35. Kf2 Ne5 36. Rh3 Nd3+ 37. Kg3 Re8 38. Nd4 Ra1 39. b3 Rae1 40.
Nf3 R1e3 41. Rh4 Nc5 42. Rc4 g5 43. h3 Kg7 44. Kh2 Nxb3 45. Rb2 Nc5 46. Nd4 Kg6
47. Rxb6 Ne4 48. Rb2 Rxc3 49. Rxc3 Nxc3 50. Nc6 Ra8 51. Rc2 Nxa4 52. Ra2 Nb6
53. Rxa5 Re8 54. Nd4 Re4 55. Nf3 Re2 56. Rc5 Na4 57. Rd5 Nc3 58. Rd2 Re4 59.
Kg1 Ne2+ 60. Kf2 Nf4 61. Kg3 Ra4 62. Kh2 Ra3 63. Rc2 h5 64. Rd2 Nxh3 65. Nh4+
gxh4 66. gxh3 Rg3 67. Rd4 Kg5 68. Rd5+ f5 69. Rd8 f4 70. Rd5+ Kg6 71. Rd8 Rg5
72. Rg8+ Kf5 73. Re8 f3 74. Rf8+ Ke4 75. Re8+ Kf4 76. Rf8+ Ke3 77. Ra8 Rd5 78.
Re8+ Kf2 79. Rg8 Rd3 80. Rg7 Kf1 81. Rg2 f2 82. Rg8 Ke2 83. Re8+ Re3 84. Rd8
f1=Q 85. Rd2+ Kf3 86. Ra2 Re2+ 87. Rxe2 Qxe2+ 88. Kh1 Qg2# 0-1

[Event "Maastricht Limburg op-B 6th"]
[Site "Maastricht"]
[Date "2012.05.26"]
[Round "3"]
[White "Moog, Gerhard"]
[Black "Ramaekers, Philippe"]
[Result "1-0"]
[WhiteElo "1964"]
[BlackElo "1896"]
[PlyCount "107"]
[EventDate "2012.05.25"]
[EventType "swiss"]
[EventRounds "7"]
[EventCountry "NED"]
[SourceTitle "OM OTB B 201907"]
[Source "Opening Master"]
[SourceDate "2019.07.06"]
[SourceVersion "2"]
[SourceVersionDate "2019.07.06"]
[SourceQuality "1"]

1. e4 c5 2. Nf3 Nc6 3. d4 cxd4 4. Nxd4 Nf6 5. Nc3 d6 6. Be2 e5 7. Nxc6 bxc6 8.
O-O Be7 9. Bg5 O-O 10. Bxf6 Bxf6 11. Bc4 Be6 12. Qd3 Qc7 13. Rad1 Rfd8 14. Bxe6
fxe6 15. Qc4 Qd7 16. Ne2 d5 17. Qa4 c5 18. Qxd7 Rxd7 19. c4 Rad8 20. cxd5 exd5
21. exd5 Rxd5 22. Nc3 Rd4 23. g3 Kf7 24. f3 Bg5 25. Rde1 Bf6 26. Ne4 c4 27. Rc1
R8d7 28. Rc2 Bd8 29. Kg2 h6 30. Rfc1 Bg5 31. Re1 R7d5 32. Ree2 Be7 33. a3 g5
34. g4 Bd8 35. Nd2 Rc5 36. Nb3 Rc7 37. Nd2 Ke6 38. Nf1 Rf7 39. Ne3 Rdf4 40.
Nxc4 Bc7 41. Re3 Kd5 42. b3 Rd4 43. h3 e4 44. fxe4+ Rxe4 45. Rd3+ Ke6 46. Ne3
Bb6 47. Rc6+ Ke7 48. Nf5+ Kf8 49. Rc8+ Re8 50. Rxe8+ Kxe8 51. Nd6+ Ke7 52. Nxf7
Kxf7 53. Rd6 Kg7 54. b4 1-0

[Event "Bussum op 29th"]
[Site "Bussum"]
[Date "2012.05.26"]
[Round "2.15"]
[White "Moes, Waldemar"]
[Black "Pliester, Leon"]
[Result "0-1"]
[WhiteElo "2054"]
[BlackElo "2367"]
[PlyCount "32"]
[EventDate "2012.05.25"]
[EventType "swiss"]
[EventRounds "7"]
[EventCountry "NED"]
[SourceTitle "OM OTB B 201907"]
[Source "Opening Master"]
[SourceDate "2019.07.06"]
[SourceVersion "2"]
[SourceVersionDate "2019.07.06"]
[SourceQuality "1"]

1. e4 c5 2. Nf3 Nc6 3. d4 cxd4 4. Nxd4 Nf6 5. Nc3 d6 6. Be2 e5 7. Nf3 h6 8. O-O
Be7 9. b3 O-O 10. Bb2 Be6 11. Re1 Rc8 12. Bf1 Bg4 13. h3 Bxf3 14. Qxf3 Nd4 15.
Qd1 Qa5 16. Qd2 Nd7 0-1

[Event "Albena Masters op"]
[Site "Albena"]
[Date "2012.05.26"]
[Round "1"]
[White "Petrov, Plamen"]
[Black "Nikolova, Adriana"]
[Result "0-1"]
[WhiteElo "1907"]
[BlackElo "2345"]
[PlyCount "106"]
[EventDate "2012.05.26"]
[EventType "swiss"]
[EventRounds "9"]
[EventCountry "BUL"]
[SourceTitle "OM OTB B 201907"]
[Source "Opening Master"]
[SourceDate "2019.07.06"]
[SourceVersion "2"]
[SourceVersionDate "2019.07.06"]
[SourceQuality "1"]

1. e4 c5 2. Nf3 d6 3. d4 cxd4 4. Nxd4 Nf6 5. Nc3 Nc6 6. Be2 e5 7. Nb3 h6 8. O-O
Be7 9. Be3 O-O 10. Kh1 a5 11. a4 Be6 12. Nd2 d5 13. exd5 Nxd5 14. Nxd5 Bxd5 15.
Nc4 Bxc4 16. Bxc4 Bg5 17. Qxd8 Rfxd8 18. Bxg5 hxg5 19. Rfd1 Kf8 20. f3 Ke7 21.
Kg1 Rac8 22. c3 Nd4 23. Ba2 Ne2+ 24. Kf1 Nf4 25. g3 Nd3 26. Rd2 Rc6 27. Rad1
Rcd6 28. Bb3 f6 29. Bc4 Nxb2 30. Rxd6 Nxd1 31. Rxd8 Kxd8 32. Bb3 Nxc3 33. Ke1
b5 34. axb5 a4 35. Kd2 Nb1+ 36. Kc1 axb3 37. Kxb1 Kc7 38. Kb2 Kb6 39. Kxb3 Kxb5
40. g4 Kc5 41. Kc3 Kd5 42. Kd3 g6 43. Ke3 f5 44. Kd3 fxg4 45. fxg4 e4+ 46. Ke2
Kd4 47. Kd2 e3+ 48. Kd1 Ke4 49. Ke2 Kf4 50. h3 Ke4 51. Ke1 Kf3 52. Kf1 e2+ 53.
Ke1 Ke3 0-1

[Event "FICS rated standard game"]
[Site "FICS freechess.org"]
[Date "2012.05.17"]
[Round "?"]
[White "Credit"]
[Black "NightFury"]
[Result "1-0"]
[WhiteElo "2146"]
[BlackElo "2036"]
[PlyCount "67"]
[EventDate "2012.??.??"]

1. e4 c5 2. Nf3 d6 3. d4 cxd4 4. Nxd4 Nf6 5. Nc3 Nc6 6. Be2 e5 7. Nb3 Be7 8.
O-O O-O 9. Re1 a5 10. Bb5 Be6 11. Nd5 Bxd5 12. exd5 Nb4 13. c4 a4 14. Nd2 Nd3
15. Re3 Nxc1 16. Rxc1 a3 17. b4 Nd7 18. Bxd7 Qxd7 19. Rcc3 Ra4 20. Qb1 Rfa8 21.
Rf3 g6 22. Rb3 f5 23. Nf1 e4 24. Rfc3 Bf6 25. Rc1 Bb2 26. Rd1 Qc7 27. c5 dxc5
28. d6 Qc6 29. bxc5 Qxc5 30. Rxb7 Rd8 31. Rc7 Qb4 32. Qc2 Raa8 33. Qc6 Be5 34.
Qd5+ 1-0

[Event "FICS rated standard game"]
[Site "FICS freechess.org"]
[Date "2012.05.17"]
[Round "?"]
[White "Proles"]
[Black "GriffySr"]
[Result "1/2-1/2"]
[WhiteElo "2127"]
[BlackElo "2051"]
[PlyCount "88"]
[EventDate "2012.??.??"]

1. e4 c5 2. Nf3 Nc6 3. d4 cxd4 4. Nxd4 Nf6 5. Nc3 d6 6. Be2 e5 7. Nf3 h6 8. O-O
Be7 9. h3 O-O 10. Re1 Be6 11. b3 d5 12. exd5 Nxd5 13. Nxd5 Qxd5 14. Qxd5 Bxd5
15. c4 Be6 16. Bb2 e4 17. Nd4 Nxd4 18. Bxd4 Rfd8 19. Red1 Kh7 20. f3 Bf5 21.
fxe4 Bxe4 22. Bf3 Bxf3 23. gxf3 Kg6 24. Kf2 Bf6 25. Bxf6 Kxf6 26. Ke2 Rxd1 27.
Rxd1 Re8+ 28. Kf2 Re7 29. Rd6+ Kg5 30. Rd4 g6 31. b4 Kf5 32. c5 f6 33. a4 h5
34. b5 Rc7 35. Rc4 g5 36. a5 Rd7 37. b6 axb6 38. axb6 Rd3 39. c6 bxc6 40. Rxc6
Rb3 41. Rc5+ Ke6 42. Rc6+ Kf5 43. Rc5+ Ke6 44. Rc6+ Kf5 1/2-1/2